Vente aux enchères publiques monnaies anciennes et modernes provenant des collections M. Debbane, G. Michaĭlidis et autres : le Samedi 26 Février 1955 à 6 heures a l'Hotel Continental au Caire /
Other Authors: , ,
Format: Book
Language: French
Published:
Le Caire :
Les Editions Universitaires d'Egypte,
1955.
Subjects:
Tags: Add Tag
Call Number: ( P )CJ47 .V42 1955
| LEADER | 00906nam a2200217Ia 4500 | ||
|---|---|---|---|
| 003 | OSt | ||
| 005 | 20240624081234.0 | ||
| 008 | 930213s1955 ua c fre u | ||
| 952 | |0 0 |1 0 |2 lcc |4 0 |7 1 |9 43767 |a ARCE |b ARCE |d 2022-11-24 |l 0 |o ( P )CJ47 .V42 1955 |p 1022362 |r 2022-11-24 00:00:00 |w 2022-11-24 |y BK | ||
| 999 | |c 50224 |d 50224 | ||
| 040 | |c ARCE Library | ||
| 050 | 4 | |a ( P )CJ47 .V42 1955 | |
| 245 | 0 | 0 | |a Vente aux enchères publiques monnaies anciennes et modernes provenant des collections M. Debbane, G. Michaĭlidis et autres : |b le Samedi 26 Février 1955 à 6 heures a l'Hotel Continental au Caire / |c Commissaire-priseur : M.G. Lee. |
| 264 | 1 | |a Le Caire : |b Les Editions Universitaires d'Egypte, |c 1955. | |
| 300 | |a 41 p. : |b 16 plates ; |c 24 cm. | ||
| 650 | 0 | |a Coins -- Catalogs. | |
| 700 | 1 | |a Debbane, Max. | |
| 700 | 1 | |a Michäilidis, Georges. | |
| 700 | 1 | |a Lee, M. G. | |
| 901 | |a reviewed | ||
| 942 | |2 lcc |c BK | ||
